000
00308nam a2200121Ia 4500
005
20251222143301.0
008
251222s9999||||xx |||||||||||||| ||spa||
020
_a
978-612-4132-05-6
082
_a
371/C47
245
0
_a
La Educación del Futuro y el Futuro de la Educación
264
_b
Ceplan
942
_c
LIB
999
_c
15331
_d
15331